| 000 | nam a22 a 4500 | ||
|---|---|---|---|
| 999 |
_c1560 _d1560 |
||
| 003 | AKMAL | ||
| 005 | 20170511091857.0 | ||
| 008 | 170511s1993 my b 00 eng d | ||
| 020 |
_a9679502880 (pbk.) : _cRM 16.00 |
||
| 040 | _aAKMAL | ||
| 082 | 0 | 4 | _a320.9595 RAJ |
| 090 | 0 | 0 |
_a320.9595 _bRAJ |
| 100 | 1 |
_aRajendran, M. _93146 |
|
| 245 | 1 | 0 |
_aMahathir Mohamad : _bPrime Minister of Malaysia / _cM. Rajendran |
| 260 |
_aPetaling Jaya : _bIBS Buku , _c1993 |
||
| 300 |
_a182p. ; _c22cm. |
||
| 504 | _aIncludes bibliographical references (p. 181-182) | ||
| 600 | 0 |
_aMahathir bin Mohamad, _cDato' Seri, _d1925- _95 |
|
| 650 | 0 |
_aPrime ministers _zMalaysia _vBiography _947 |
|
| 651 |
_aMalaysia _xPolitics and government _944 |
||
| 651 |
_aMalaysia _xEconomic policy _949 |
||
| 856 | 4 | 1 |
_uftp://tag856.pnm.gov.my/tag856/buku/9679502880.pdf _yElectronic Resource |
| 942 |
_2ddc _cBOOK |
||